Direct descent /

Bibliographic Details
Main Author: Herbert, Frank
Format: Book
Language:English
Published: New York, N.Y. : Ace Books, 1980.

MARC

Tag First Indicator Second Indicator Subfields
LEADER 00000cam a2200000 a 4500
001 in00000084321
005 20151008061327.0
008 820225s1980 nyuaf 00011 eng
010 |a  81112567  
019 |a 7929434 
020 |a 0441148972 (pbk.) :  |c $6.95 
035 |a (OCoLC)07051228 
035 |9 AAJ7820AM 
039 0 |a 2  |b 3  |c 3  |d 3  |e 3 
040 |a DLC  |c DLC  |d TXA  |d UtOrBLW 
049 |a TXAM [Also in] [Sp Coll]  |c 1 [1387588], 2 [272771]  |a TXAS  |c 3 [1702484], 4 
050 0 0 |a PS3558.E63  |b D5 
082 0 |a 813/.54  |2 19 
100 1 |a Herbert, Frank. 
245 1 0 |a Direct descent /  |c Frank Herbert; [illustrations by Garcia]. 
264 1 |a New York, N.Y. :  |b Ace Books,  |c 1980. 
300 |a 186 pages, 2 unnumbered pages of plates :  |b illustrations ;  |c 21 cm. 
336 |a text  |b txt  |2 rdacontent 
337 |a unmediated  |b n  |2 rdamedia 
338 |a volume  |b nc  |2 rdacarrier 
500 |a "A portion of this book appeared as Pack rat planet in the December 1954 issue of Astounding science fiction."--title page verso. 
500 |a "An Ace book." 
999 |a MARS 
999 f f |s 73101eb9-a3a8-3a9a-b282-7545c2ba4bb2  |i 34fbd7cb-088b-309c-8c4c-b01ef09a9a11  |t 0 
952 f f |p ric  |a Texas A&M University  |b Rellis Campus  |c Joint Library Facility  |s JLF  |d Remote Storage  |t 0  |e PS3558.E63 D5  |h Library of Congress classification  |i unmediated -- volume  |m A14807906848 
998 f f |a PS3558.E63 D5  |t 0  |l Remote Storage